[Event "ICS rated blitz match"]
[Site "204.178.125.65"]
[Date "2000.03.09"]
[Round "?"]
[White "Hossa"]
[Black "Beadle"]
[Result "0-1"]
[WhiteElo "2466"]
[BlackElo "2537"]
[PlyCount "176"]

1. e4 e5 2. Nf3 Nc6 3. Bb5 a6 4. Ba4 Nf6 5. O-O Be7 6. Re1 b5 7. Bb3 O-O 8. c3
d6 9. h3 Bb7 10. d4 Na5 11. Bc2 Nc4 12. b3 Nb6 13. dxe5 dxe5 14. Qxd8 Rfxd8 15.
Nxe5 Nxe4 16. Bxe4 Bxe4 17. Bf4 Bb7 18. Nxf7 Kxf7 19. Bxc7 Nd5 20. Bxd8 Rxd8
21. a4 b4 22. cxb4 Bf6 23. Ra2 Nxb4 24. Rae2 Nd3 25. Rd1 Nf4 26. Ree1 Rxd1 27.
Rxd1 Bxg2 28. Rd7+ Ke8 29. Ra7 Bd5 30. Rxa6 Nxh3+ 31. Kf1 Bxb3 32. Kg2 Nf4+ 33.
Kf3 Ne6 34. Ra5 Bd8 35. Ra6 Bd5+ 36. Kg4 Nc5 37. Ra7 h5+ 38. Kxh5 Bf3+ 39. Kg6
Be4+ 40. Kxg7 Bxb1 41. a5 Be4 42. Kh6 Bf6 43. Rc7 Bd4 44. Rc8+ Kd7 45. Rb8 Bxf2
46. Rb4 Bd3 47. Rb2 Be1 48. Ra2 Kc6 49. Kg5 Kb5 50. a6 Nxa6 51. Kf4 Nc5 52. Ke3
Bc3 53. Rg2 Kc4 54. Rg4+ Kd5 55. Rg5+ Be5 56. Rg8 Bd4+ 57. Kf4 Ne6+ 58. Kf3
Be4+ 59. Kg3 Ke5 60. Rh8 Kd6 61. Rh3 Kd5 62. Kg4 Nc5 63. Rh6 Nd3 64. Ra6 Ke5
65. Ra4 Nf2+ 66. Kg5 Bd5 67. Ra3 Ne4+ 68. Kg6 Nd6 69. Kg5 Nc4 70. Rh3 Be3+ 71.
Kg6 Ke6 72. Rh8 Ne5+ 73. Kg7 Bd4 74. Rc8 Bf3 75. Kh6 Kf6 76. Kh7 Be4+ 77. Kg8
Ng6 78. Rd8 Be5 79. Kh7 Ne7+ 80. Kh6 Nf5+ 81. Kh7 Bf4 82. Rf8+ Ke7 83. Rc8 Nd6+
84. Kg7 Nxc8 85. Kg8 Bh6 86. Kh8 Kf6 87. Kg8 Ne7+ 88. Kh8 Bg7# 0-1

[Event "ICS rated standard match"]
[Site "204.178.125.65"]
[Date "2000.03.09"]
[Round "?"]
[White "Hossa"]
[Black "PostModernist"]
[Result "0-1"]
[WhiteElo "2169"]
[BlackElo "2396"]
[PlyCount "126"]

1. e4 c6 2. d4 d5 3. Nc3 dxe4 4. Nxe4 Nd7 5. Bc4 Ngf6 6. Ng5 e6 7. Qe2 Nb6 8.
Bd3 h6 9. N5f3 c5 10. dxc5 Bxc5 11. Ne5 Nbd7 12. Ngf3 Nxe5 13. Nxe5 O-O 14. O-O
b6 15. Be3 Bd6 16. Nc4 Bc7 17. Rfd1 Qe7 18. Bd4 Bb7 19. c3 Nd7 20. Qc2 Rad8 21.
Re1 Bd5 22. Ne3 Qd6 23. g3 Ba8 24. Be4 e5 25. Nf5 Qe6 26. Bxa8 Rxa8 27. f4 Rfe8
28. fxe5 Bxe5 29. Qf2 Rac8 30. Qf3 Bxd4+ 31. cxd4 Qxe1+ 32. Rxe1 Rxe1+ 33. Kf2
Re6 34. Qb7 Rc2+ 35. Kf3 Nf6 36. Nd6 Kh7 37. Nxf7 Re4 38. Qxa7 Rxd4 39. Ne5 Rd5
40. Qa3 Rxh2 41. Nd3 h5 42. Qb3 g5 43. Ke3 Rg2 44. Kf3 Rd2 45. Nb4 g4+ 46. Ke3
Rg2 47. Qa4 Rxg3+ 48. Ke2 Re5+ 49. Kf1 Rf3+ 50. Kg2 h4 51. Qc2+ Ref5 52. Qc4
h3+ 53. Kh2 Rf2+ 54. Kh1 Rf1+ 55. Kh2 R5f2+ 56. Kg3 h2 57. Qf7+ Kh6 58. Qxf6+
Rxf6 59. Kxh2 R6f2+ 60. Kg3 Kg5 61. Nd3 Re2 62. Ne1 Rfxe1 63. b4 Rg1# 0-1

[Event "ICS rated blitz match"]
[Site "204.178.125.65"]
[Date "2000.03.09"]
[Round "?"]
[White "plaza"]
[Black "Hossa"]
[Result "0-1"]
[WhiteElo "2286"]
[BlackElo "2443"]
[PlyCount "54"]

1. Nf3 d5 2. c4 e6 3. b3 Nf6 4. g3 Nc6 5. Bg2 d4 6. O-O Be7 7. e3 e5 8. exd4
exd4 9. Ba3 O-O 10. Re1 Bxa3 11. Nxa3 d3 12. Nb5 a6 13. Nc3 Bg4 14. h3 Bh5 15.
g4 Bg6 16. Ne5 Nxe5 17. Rxe5 Qd6 18. Qe1 Rfe8 19. f4 c6 20. Qe3 Qc7 21. Re1
Rxe5 22. Qxe5 Qxe5 23. Rxe5 h5 24. f5 Bh7 25. Bf3 hxg4 26. hxg4 Re8 27. Re7
Rxe7 0-1

[Event "ICS rated blitz match"]
[Site "204.178.125.65"]
[Date "2000.03.09"]
[Round "?"]
[White "Hossa"]
[Black "QueenMaxima"]
[Result "1-0"]
[WhiteElo "2452"]
[BlackElo "2331"]
[PlyCount "139"]

1. e4 c6 2. d4 d5 3. Nc3 dxe4 4. Nxe4 Nf6 5. Nxf6+ gxf6 6. c3 Bf5 7. Nf3 e6 8.
Bf4 Bd6 9. Bxd6 Qxd6 10. Qb3 Qc7 11. O-O-O Bg4 12. Be2 Nd7 13. Qa3 f5 14. Kb1
f6 15. Rde1 f4 16. Nh4 Bxe2 17. Rxe2 Nf8 18. Rhe1 Rg8 19. Nf5 c5 20. Rxe6+ Nxe6
21. Rxe6+ Kd8 22. Qb3 c4 23. Qb5 Qd7 24. Rd6 Qxd6 25. Nxd6 Ke7 26. Nxb7 f3 27.
Nc5 Kf8 28. Nd7+ Kg7 29. Qf5 Kh8 30. Qxf6+ Rg7 31. gxf3 Re8 32. Ne5 Kg8 33. Qc6
Rf8 34. Qxc4+ Kh8 35. Qc5 Ra8 36. Qc6 Rf8 37. Qh6 Rf5 38. Qd6 Rg8 39. Qc7 Rff8
40. Qxa7 Rg1+ 41. Kc2 Rg2 42. Nd3 Kg8 43. Qc5 Re8 44. Qd5+ Kh8 45. Qh5 Re2+ 46.
Kb3 Re7 47. c4 Rb7+ 48. Kc3 Rbg7 49. b4 R7g5 50. Qh4 Rf5 51. Ne5 Rg1 52. a4
Rc1+ 53. Kb2 Rd1 54. a5 Rd2+ 55. Kc3 Rxe5 56. Qf6+ Kg8 57. Kxd2 Re8 58. Qg5+
Kf7 59. Qh5+ Kf8 60. Qxe8+ Kxe8 61. a6 Ke7 62. a7 Ke6 63. b5 Kd7 64. a8=Q Ke7
65. f4 Kf6 66. Qf8+ Ke6 67. d5+ Kd7 68. b6 h5 69. c5 h4 70. c6# 1-0

[Event "ICS rated blitz match"]
[Site "204.178.125.65"]
[Date "2000.03.09"]
[Round "?"]
[White "QueenMaxima"]
[Black "Hossa"]
[Result "0-1"]
[WhiteElo "2320"]
[BlackElo "2463"]
[PlyCount "74"]

1. c4 e5 2. Nc3 Nf6 3. g3 c6 4. Nf3 e4 5. Nd4 d5 6. Bg2 dxc4 7. Nc2 Bc5 8. Nxe4
Nxe4 9. Bxe4 O-O 10. Bg2 Be6 11. Ne3 Nd7 12. h3 Nf6 13. Qc2 Qd4 14. O-O Bb4 15.
Rd1 Rad8 16. Kh2 Rfe8 17. Qa4 Bc5 18. Re1 Qd7 19. Qa5 b6 20. Qa4 Nd5 21. Rf1 a5
22. Qc2 b5 23. Be4 Bxh3 24. Rd1 Nb4 25. Bxh7+ Kh8 26. Qb1 Bxe3 27. fxe3 Qg4 28.
Bc2 Qxe2+ 29. Kxh3 Rd6 30. Bg6 Qxd1 31. Kg2 Qe2+ 32. Kh3 fxg6 33. g4 Rf6 34.
Qf5 gxf5 35. Kg3 Rh6 36. gxf5 Re4 37. a4 Rg4# 0-1

[Event "ICS rated bullet match"]
[Site "204.178.125.65"]
[Date "2000.03.09"]
[Round "?"]
[White "QueenMaxima"]
[Black "Hossa"]
[Result "1-0"]
[WhiteElo "2352"]
[BlackElo "2347"]
[PlyCount "141"]

1. Nf3 d5 2. g3 Nf6 3. Bg2 c6 4. b3 Bg4 5. O-O Nbd7 6. d3 e5 7. h3 Bxf3 8. Bxf3
Be7 9. Bg2 h5 10. c4 h4 11. g4 d4 12. a3 Nc5 13. Nd2 Ne6 14. Ne4 Nxe4 15. Bxe4
Nc5 16. Bg2 Bg5 17. Bb2 Bf4 18. Rb1 g5 19. Re1 Qb6 20. Ba1 O-O-O 21. b4 Ne6 22.
a4 Rd7 23. a5 Qa6 24. e3 dxe3 25. fxe3 Bg3 26. Rf1 Rhd8 27. Qa4 Rxd3 28. b5
cxb5 29. cxb5 Qd6 30. Rxf7 Rd7 31. Qc4+ Kb8 32. Rf6 Rd1+ 33. Rxd1 Qxd1+ 34. Rf1
Qd6 35. e4 Nf4 36. Qg8+ Rd8 37. Qxg5 Ne2+ 38. Kh1 Rf8 39. Rxf8+ Qxf8 40. Bxe5+
Bxe5 41. Qxe5+ Kc8 42. Qf5+ Qxf5 43. exf5 b6 44. axb6 axb6 45. Bc6 Kc7 46. f6
Kd6 47. g5 Nf4 48. Bf3 Ke6 49. Be4 Kf7 50. Kh2 Ke6 51. Bb1 Kf7 52. Bf5 Ne2 53.
Kg2 Nc3 54. Bd3 Na4 55. Kf3 Nc5 56. Bc4+ Kg6 57. Kg4 Nb7 58. Bd3+ Kf7 59. Kxh4
Nc5 60. Bc4+ Kg6 61. Kg4 Nd7 62. Bd3+ Kf7 63. Kf5 Nxf6 64. gxf6 Kg8 65. Bc4+
Kf8 66. Bd5 Ke8 67. Ke6 Kd8 68. f7 Kc8 69. Kd6 Kb8 70. f8=R+ Ka7 71. Ra8# 1-0

[Event "ICS rated blitz match"]
[Site "204.178.125.65"]
[Date "2000.03.09"]
[Round "?"]
[White "Hossa"]
[Black "LeTiger"]
[Result "0-1"]
[WhiteElo "2473"]
[BlackElo "2892"]
[PlyCount "85"]

1. e4 e5 2. Nf3 Nc6 3. Bb5 a6 4. Ba4 Nf6 5. O-O Nxe4 6. d4 b5 7. Bb3 d5 8. dxe5
Be6 9. Nbd2 Be7 10. c3 O-O 11. Nxe4 dxe4 12. Bxe6 Qxd1 13. Rxd1 fxe6 14. Nd4
Nxd4 15. cxd4 c5 16. Be3 c4 17. d5 exd5 18. Rxd5 Rad8 19. Rad1 Rxd5 20. Rxd5
Kf7 21. Rd7 Rd8 22. Rxe7+ Kxe7 23. Bg5+ Ke8 24. Bxd8 Kxd8 25. f3 b4 26. Kf2 a5
27. fxe4 a4 28. Ke2 c3 29. b3 axb3 30. axb3 g5 31. Kd3 g4 32. h4 gxh3 33. gxh3
Ke7 34. e6 Kxe6 35. Kc2 Ke5 36. Kd3 Kf4 37. h4 h5 38. Kc4 c2 39. Kxb4 c1=Q 40.
Kb5 Kxe4 41. b4 Kd5 42. Ka4 Kc4 43. Ka5 0-1

[Event "ICS rated standard match"]
[Site "204.178.125.65"]
[Date "2000.03.09"]
[Round "?"]
[White "Tinker"]
[Black "Hossa"]
[Result "0-1"]
[WhiteElo "2302"]
[BlackElo "2162"]
[PlyCount "110"]

1. e4 c5 2. Nc3 Nc6 3. f4 g6 4. Nf3 Bg7 5. Bc4 e6 6. Qe2 d6 7. Nd1 Nge7 8. Ne3
O-O 9. Bb3 d5 10. d3 c4 11. exd5 cxd3 12. Qxd3 Nxd5 13. Bxd5 Nb4 14. Qe4 Nxd5
15. O-O Qb6 16. Kh1 Nxe3 17. Qxe3 Qxe3 18. Bxe3 Bxb2 19. Rad1 b6 20. Rb1 Ba6
21. Rf2 Bc3 22. Rb3 Rfc8 23. Rb1 Bc4 24. a3 h5 25. Rd1 Rd8 26. Rb1 Rac8 27. Rg1
Bd5 28. Re2 Bxf3 29. gxf3 Bb2 30. Kg2 Rc3 31. a4 Rdc8 32. Rb1 Ba3 33. Kg3 Rxc2
34. Rxc2 Rxc2 35. Rd1 Bc5 36. Rd8+ Kg7 37. Bd4+ Bxd4 38. Rxd4 Rb2 39. Rd7 a5
40. Rc7 Rb4 41. Rb7 Kf6 42. h3 Rxa4 43. Rxb6 Ra2 44. Rb1 a4 45. h4 Rd2 46. Ra1
Rd4 47. Rc1 a3 48. Ra1 Ra4 49. Ra2 Kf5 50. Kg2 Kxf4 51. Kf2 Ra5 52. Kg2 g5 53.
hxg5 Rxg5+ 54. Kf1 Rg3 55. Rxa3 Rxf3+ 0-1

[Event "ICS rated blitz match"]
[Site "204.178.125.65"]
[Date "2000.03.09"]
[Round "?"]
[White "QueenMaxima"]
[Black "Hossa"]
[Result "1-0"]
[WhiteElo "2283"]
[BlackElo "2470"]
[PlyCount "171"]

1. e4 e5 2. Nf3 Nc6 3. Bb5 a6 4. Ba4 Nf6 5. O-O Nxe4 6. Re1 Nf6 7. d4 e4 8. d5
Ne7 9. Ng5 Nexd5 10. Bb3 c6 11. Nd2 Be7 12. Ndxe4 O-O 13. c4 Nxe4 14. Nxe4 Nf6
15. Nd6 Ne8 16. Nxc8 Rxc8 17. Qf3 Nf6 18. Qg3 Bb4 19. Re2 Re8 20. Rxe8+ Qxe8
21. Bh6 Bf8 22. Be3 Qe6 23. Re1 Bc5 24. h3 Bxe3 25. Rxe3 Qf5 26. Re1 c5 27. Qc3
Qf4 28. Qa5 Ne4 29. Re2 Re8 30. Qxc5 Qc1+ 31. Kh2 Nf6 32. Rxe8+ Nxe8 33. Qe5
Kf8 34. Qd4 b5 35. cxb5 Qc7+ 36. Kg1 axb5 37. Qe3 Nf6 38. Bd1 d6 39. Qa3 h6 40.
Be2 Qc1+ 41. Bf1 Ke7 42. Qb4 Ke6 43. Qxb5 d5 44. a4 Qa1 45. b4 d4 46. a5 h5 47.
Qb6+ Kd7 48. a6 Nd5 49. Qb7+ Kd6 50. Qxf7 d3 51. Qg6+ Kc7 52. b5 Qc3 53. a7 Kb7
54. Qd6 Kxa7 55. Qxd5 d2 56. Qxh5 Qc1 57. Qf7+ Kb6 58. Qe6+ Ka5 59. Qa6+ Kb4
60. Qd6+ Kb3 61. Qd3+ Ka2 62. Qd5+ Ka3 63. Qf3+ Kb2 64. Qe2 Qe1 65. b6 Ka3 66.
Qd3+ Ka2 67. b7 d1=Q 68. Qa6+ Kb2 69. b8=Q+ Qb3 70. Qxb3+ Kxb3 71. Qb7+ Ka4 72.
Qxg7 Kb3 73. g3 Qd2 74. f4 Qe3+ 75. Kh2 Qe1 76. Qb7+ Kc3 77. Qc6+ Kb2 78. f5
Qxf1 79. Qg2+ Kc3 80. Qxf1 Kd4 81. f6 Kd5 82. f7 Kc5 83. f8=Q+ Kd5 84. Qb5+ Kd4
85. Qfb4+ Ke3 86. Qf4# 1-0

[Event "ICS rated blitz match"]
[Site "204.178.125.65"]
[Date "2000.03.09"]
[Round "?"]
[White "Hossa"]
[Black "Tinker"]
[Result "1-0"]
[WhiteElo "2446"]
[BlackElo "2474"]
[PlyCount "165"]

1. e4 e5 2. Nf3 Nc6 3. Bb5 Nge7 4. O-O Nd4 5. Nxd4 exd4 6. d3 c6 7. Bc4 d5 8.
exd5 b5 9. Bb3 cxd5 10. Re1 Be6 11. a4 b4 12. a5 Qd7 13. Ba4 Nc6 14. Nd2 Be7
15. Nf3 Bf6 16. Bg5 Bxg5 17. Ne5 Nxe5 18. Rxe5 Qxa4 19. Rxa4 Bf6 20. Re2 Be7
21. Qd2 O-O 22. Qf4 Bc5 23. a6 Rac8 24. Ra5 Rc6 25. Qc1 Rb8 26. Qa1 Rbc8 27.
Qd1 Bd6 28. Ra1 Bg4 29. f3 Bf5 30. g3 Bc5 31. Re5 Be6 32. Kf2 R8c7 33. Ra2 Bf8
34. b3 Bd6 35. Re2 Be7 36. h4 Rb6 37. Kg2 Bc5 38. Qe1 Rcc6 39. Qa1 Rc8 40. h5
h6 41. Ra5 Rcc6 42. g4 Rb8 43. Kg3 Bb6 44. Ra2 Rbc8 45. Qe1 Bc5 46. f4 Bd6 47.
Qg1 Rb8 48. Qxd4 Rbb6 49. Qa1 Rc3 50. Qe1 Rcc6 51. Ra5 Kh7 52. Qa1 Kg8 53. Kf3
Rc3 54. Qe1 d4 55. Qg1 Bc5 56. Kg3 Rc6 57. Ra2 Bb6 58. Qh1 Rc8 59. Qb7 R3c7 60.
Qg2 Rd8 61. Qh1 Bc5 62. Ra1 Rdc8 63. f5 Bd7 64. Qd5 Rb8 65. Rf1 Rb6 66. Qa8+
Rc8 67. Qxa7 Bb5 68. Re5 Rbc6 69. Rxc5 Rxc5 70. Qb6 Bxa6 71. Qxa6 Rxc2 72. Rf4
Rd8 73. Qb6 Rcc8 74. Rxd4 Rxd4 75. Qxd4 Rc3 76. Qxb4 Rxd3+ 77. Kf4 Kh7 78. f6
Rd1 79. Qc4 Re1 80. fxg7 Re6 81. Qc3 Re8 82. g5 hxg5+ 83. Kxg5 1-0

[Event "ICS rated blitz match"]
[Site "204.178.125.65"]
[Date "2000.03.09"]
[Round "?"]
[White "Hossa"]
[Black "Tinker"]
[Result "0-1"]
[WhiteElo "2447"]
[BlackElo "2473"]
[PlyCount "142"]

1. e4 e5 2. Nf3 Nf6 3. d4 exd4 4. e5 Ne4 5. Qxd4 d5 6. exd6 Nxd6 7. Nc3 Nc6 8.
Qf4 Bf5 9. Bb5 Qe7+ 10. Kf1 Be4 11. a4 O-O-O 12. Nxe4 Nxe4 13. Bd3 Nc5 14. Qf5+
Rd7 15. Bg5 f6 16. Be3 Nxd3 17. cxd3 g6 18. Qb5 a6 19. Qc4 Nb4 20. Rd1 Qd8 21.
d4 Nd5 22. Qb3 Nxe3+ 23. fxe3 Re7 24. Re1 g5 25. Kf2 g4 26. Nh4 Re4 27. Rhf1
Bd6 28. g3 Rhe8 29. Kg1 R4e6 30. Nf5 Bf8 31. Rf4 h5 32. Qc4 Rb6 33. b3 Bb4 34.
Re2 Qd7 35. e4 Ba5 36. Qd3 Rc6 37. Qb1 Rc3 38. Rf1 Bb6 39. Rd1 Rf3 40. Rf2 Rxf2
41. Kxf2 Kb8 42. Kg2 Qc6 43. Re1 Qd7 44. Qd3 Rd8 45. Rd1 Kc8 46. Kg1 Re8 47.
Rc1 Kb8 48. Kf1 Qe6 49. Re1 Qc6 50. Qb1 Qc3 51. Re3 Qd2 52. Re2 Qc3 53. Re3 Qc6
54. Kg1 Qd7 55. Qb2 c5 56. d5 c4 57. Nd4 f5 58. bxc4 Bc5 59. Qa1 fxe4 60. Re2
Qg7 61. Rd2 e3 62. Re2 Bxd4 63. Qb1 Bc5 64. Kg2 Qc3 65. Qa2 Qc1 66. Rb2 e2 67.
Qb1 e1=Q 68. Rxb7+ Ka8 69. Rb8+ Rxb8 70. Qxc1 Qf2+ 71. Kh1 Qf3# 0-1

[Event "ICS rated blitz match"]
[Site "204.178.125.65"]
[Date "2000.03.09"]
[Round "?"]
[White "JudgeTurpin"]
[Black "Hossa"]
[Result "1-0"]
[WhiteElo "2442"]
[BlackElo "2432"]
[PlyCount "133"]

1. e4 e5 2. Nf3 Nc6 3. Bb5 a6 4. Ba4 Nf6 5. O-O Be7 6. Re1 b5 7. Bb3 O-O 8. c3
d5 9. exd5 Nxd5 10. Nxe5 Nxe5 11. Rxe5 c6 12. d4 Bd6 13. Re1 Qh4 14. g3 Qh3 15.
Be3 Bg4 16. Qd3 Rae8 17. Nd2 Re6 18. a4 Qh5 19. axb5 axb5 20. Nf1 Bf5 21. Qe2
Bg4 22. Qc2 Rfe8 23. h4 R6e7 24. Qd2 Bf3 25. Bg5 Re2 26. Rxe2 Rxe2 27. Ra8+ Bf8
28. Bxd5 cxd5 29. Qf4 f6 30. Qb8 Qf7 31. Bf4 Bh5 32. Qxb5 Qe6 33. c4 Re1 34.
Qxd5 Qxd5 35. cxd5 Kf7 36. Ra7+ Kg6 37. f3 Bxf3 38. Kf2 Rxf1+ 39. Kxf1 Bxd5 40.
Ra5 Bf3 41. Kf2 Bg4 42. Ke3 Bb4 43. Rb5 Bf8 44. b4 Be7 45. Rb7 Bf8 46. b5 Kh5
47. b6 g5 48. hxg5 fxg5 49. Be5 Bc8 50. Rb8 Be6 51. Rd8 Bd6 52. Bxd6 Bd5 53.
Be5 Bb7 54. Rd7 Bc6 55. Rxh7+ Kg4 56. Bf6 Kf5 57. Bxg5 Bd5 58. b7 Bxb7 59. Rxb7
Ke6 60. Ke4 Kd6 61. d5 Kc5 62. Be7+ Kc4 63. Rb4+ Kc3 64. Ke3 Kc2 65. Bf6 Kd1
66. Rc4 Ke1 67. Rc1# 1-0

[Event "ICS Rated standard match"]
[Site "204.178.125.65"]
[Date "2000.03.09"]
[Round "?"]
[White "Hossa"]
[Black "JudgeTurpin"]
[Result "0-1"]
[WhiteElo "2184"]
[BlackElo "2391"]
[PlyCount "146"]

1. e4 c5 2. Nf3 d6 3. d4 cxd4 4. Nxd4 Nf6 5. Nc3 a6 6. Be2 e6 7. f4 Be7 8. O-O
Qc7 9. f5 e5 10. Nb3 Qb6+ 11. Kh1 Qc7 12. Bg5 Nbd7 13. Qd3 b6 14. Rad1 Bb7 15.
Bf3 O-O 16. a4 Rfd8 17. Rfe1 Rac8 18. Bh4 Nc5 19. Qc4 Nfxe4 20. Rxe4 Nxe4 21.
Qxc7 Rxc7 22. Bxe7 Nf2+ 23. Kg1 Nxd1 24. Bxd8 Rd7 25. Bxd1 Rxd8 26. a5 b5 27.
Bf3 Bxf3 28. gxf3 Rc8 29. Na1 Rc4 30. Kf2 Kf8 31. Kg2 Rf4 32. f6 gxf6 33. Kg3
Rc4 34. Nd5 Ra4 35. Nb3 f5 36. Nc3 Rc4 37. Na1 Ke7 38. Nd5+ Kd8 39. c3 Ra4 40.
Nc2 Rxa5 41. Ncb4 Ra1 42. h4 h6 43. Nc6+ Kd7 44. Nb8+ Kc8 45. Nc6 Rg1+ 46. Kf2
Rb1 47. b4 f4 48. Nf6 Rb2+ 49. Ke1 Rc2 50. Ne7+ Kd8 51. Nc6+ Kc7 52. Ne7 Rh2
53. h5 Rc2 54. Nf5 Kd8 55. Nxh6 Ke7 56. Ne4 d5 57. Nf5+ Kd8 58. Ned6 Kd7 59.
Nxf7 Ke6 60. N5d6 Rh2 61. h6 Kf6 62. Kf1 e4 63. Kg1 Rh4 64. fxe4 dxe4 65. Kf1
e3 66. Nh8 f3 67. Ne8+ Kg5 68. Kg1 Rh1+ 69. Kxh1 e2 70. Nf7+ Kh4 71. Kh2 e1=Q
72. Nfd6 Qd2+ 73. Kg1 Qg2# 0-1

[Event "ICS rated blitz match"]
[Site "204.178.125.65"]
[Date "2000.03.09"]
[Round "?"]
[White "Hossa"]
[Black "MissSilicon"]
[Result "1/2-1/2"]
[WhiteElo "2416"]
[BlackElo "2669"]
[PlyCount "240"]

1. c4 e5 2. Nc3 Nf6 3. Nf3 Nc6 4. g3 Bc5 5. Bg2 d6 6. O-O O-O 7. d3 Bg4 8. Bg5
h6 9. Bxf6 Qxf6 10. Ne4 Qe6 11. Nxc5 dxc5 12. Re1 Rad8 13. Nd2 Qd7 14. Ne4 b6
15. f3 Be6 16. Qa4 Nd4 17. Qxd7 Rxd7 18. Rac1 f5 19. Nf2 f4 20. Bh3 Bxh3 21.
Nxh3 g5 22. Nf2 Kg7 23. g4 Kf6 24. Ne4+ Kg6 25. Kf2 Ne6 26. Rh1 c6 27. h4 Rfd8
28. hxg5 hxg5 29. Rh5 Rh7 30. Rch1 Rxh5 31. gxh5+ Kf5 32. b3 Nf8 33. h6 Kg6 34.
Kf1 Nd7 35. Rg1 Kxh6 36. Nxg5 Rf8 37. Ne4 a6 38. Ke1 a5 39. Kd1 Nb8 40. Kc2 Na6
41. Kb2 Nb8 42. a3 Nd7 43. Rg2 Nb8 44. Kc1 Kh7 45. Ng5+ Kh6 46. Ne6 Re8 47. Ng7
Rf8 48. Kb2 Na6 49. Ne6 Rf6 50. Ng5 Nb8 51. Rg4 Kh5 52. Ne4 Rg6 53. Rxg6 Kxg6
54. Nd6 Kf6 55. Kc3 Nd7 56. Ne4+ Ke6 57. a4 Nf8 58. Kb2 Ng6 59. Nf2 Ne7 60. Ne4
Nf5 61. Ng5+ Kf6 62. Ne4+ Ke7 63. Nc3 Ke8 64. Nd1 Kf7 65. Ka2 Nd4 66. Nc3 Ke6
67. Kb2 Kd6 68. Ne4+ Kc7 69. Nc3 Kc8 70. Ka3 Kd8 71. Kb2 Ke7 72. Ka3 Kd6 73.
Kb2 Kd7 74. Ka2 Ke8 75. Kb2 Kf8 76. Ka3 Nf5 77. Ne4 Kf7 78. Ka2 Nd4 79. Nc3 Kf6
80. Kb2 Kg5 81. Ka2 Kh4 82. Kb2 Kg3 83. Kc1 Kf2 84. Kd1 Ke3 85. Ke1 Nxb3 86.
Nd1+ Kd4 87. Nf2 b5 88. axb5 cxb5 89. cxb5 a4 90. b6 Na5 91. Kd2 c4 92. Ng4 a3
93. Kc2 c3 94. b7 Nxb7 95. Kb3 Nd6 96. Kxa3 Nf5 97. Ka2 Ng3 98. Kb3 Nxe2 99.
Kc2 Ng3 100. Nh6 Kd5 101. Ng4 Ne2 102. Kb3 Ng1 103. Kxc3 Nxf3 104. Nf6+ Kc5
105. Ne4+ Kc6 106. Kc4 Nd4 107. Kb4 f3 108. Kc4 Nb5 109. Nf2 Nd6+ 110. Kc3 Kc5
111. Ng4 Nf7 112. Kd2 Kd4 113. Ne3 Ng5 114. Nf5+ Kc5 115. Ke3 Kd5 116. Nh4 Ne6
117. Nxf3 Ng7 118. Nxe5 Kxe5 119. d4+ Kd5 120. Kf4 Kxd4 1/2-1/2

[Event "ICS rated blitz match"]
[Site "204.178.125.65"]
[Date "2000.03.09"]
[Round "?"]
[White "SOY-DIOS"]
[Black "Hossa"]
[Result "0-1"]
[WhiteElo "2211"]
[BlackElo "2426"]
[PlyCount "64"]

1. h4 e5 2. h5 d5 3. d4 exd4 4. Qxd4 Nc6 5. Qh4 Qxh4 6. Rxh4 Be7 7. Rh1 Nd4 8.
Kd1 Bf5 9. c3 Nc2 10. g4 Be4 11. f3 Nxa1 12. fxe4 dxe4 13. Bf4 Nf6 14. Bh3 Nd5
15. e3 Bc5 16. Ne2 Rd8 17. Nd4 Bxd4 18. cxd4 Nxf4 19. exf4 Rxd4+ 20. Kc1 Ke7
21. Nc3 b5 22. Re1 b4 23. Nxe4 Rc4+ 24. Kb1 Nc2 25. Re2 Nd4 26. Rd2 Ne6 27. Re2
Nxf4 28. Re1 Rc6 29. Bf1 Re6 30. Bc4 Re5 31. Kc2 Rd8 32. Re3 Rd4 0-1

[Event "ICS rated bullet match"]
[Site "204.178.125.65"]
[Date "2000.03.09"]
[Round "?"]
[White "Hossa"]
[Black "Hamburg"]
[Result "1-0"]
[WhiteElo "2331"]
[BlackElo "2233"]
[PlyCount "95"]

1. d4 d5 2. c4 e6 3. Nc3 Nf6 4. Bg5 Be7 5. e3 O-O 6. Nf3 c6 7. Bd3 Nbd7 8. cxd5
exd5 9. O-O Re8 10. Qc2 Nf8 11. Ne5 N6d7 12. Bxe7 Qxe7 13. Nxd7 Bxd7 14. Rac1
h5 15. Qb3 Be6 16. Rc2 h4 17. h3 Nh7 18. Bxh7+ Kxh7 19. Rd1 Qd7 20. Re1 Bf5 21.
Rcc1 Re7 22. Qd1 Bg6 23. b4 Rae8 24. b5 cxb5 25. Qb3 Bd3 26. Nxd5 Bc4 27. Qb1+
Kg8 28. Nxe7+ Qxe7 29. a4 a6 30. Rc3 Qg5 31. axb5 axb5 32. Qc2 Re6 33. Rd1 Rg6
34. Qe4 Bd5 35. Rc8+ Kh7 36. Qg4 Qxg4 37. hxg4 Rxg4 38. g3 hxg3 39. Rc5 Bf3 40.
Rdc1 Be2 41. fxg3 Bc4 42. Kf2 Rg6 43. Rh1+ Rh6 44. Rxh6+ Kxh6 45. d5 Kg6 46. d6
Kf6 47. Re5 Be6 48. Rxb5 1-0

[Event "ICS rated bullet match"]
[Site "204.178.125.65"]
[Date "2000.03.09"]
[Round "?"]
[White "PostModernist"]
[Black "Hossa"]
[Result "1-0"]
[WhiteElo "2522"]
[BlackElo "2343"]
[PlyCount "123"]

1. c4 e5 2. g3 Nf6 3. Bg2 d5 4. cxd5 Nxd5 5. Nc3 Nxc3 6. bxc3 Bc5 7. Nf3 Nc6 8.
O-O e4 9. Ne1 f5 10. d3 h5 11. Bb2 h4 12. dxe4 hxg3 13. Qxd8+ Nxd8 14. hxg3
fxe4 15. Bxe4 Bh3 16. Ng2 Rh6 17. c4 Kf8 18. Rfd1 Be6 19. Nf4 Bd6 20. Nxe6+
Rxe6 21. Bf3 Rh6 22. Kg2 Rb8 23. Rh1 Nf7 24. Rxh6 Nxh6 25. e4 Nf7 26. Rh1 c5
27. Rh7 Ne5 28. Rh8+ Kf7 29. Bh5+ Ke7 30. Rxb8 Bxb8 31. f4 Nd3 32. Bxg7 Bxf4
33. Be2 Be5 34. Bxd3 Bxg7 35. g4 Bh6 36. Kg3 Kf6 37. Kf2 Ke5 38. Kf3 a5 39. Bf1
Bc1 40. Bg2 Kd4 41. Kg3 Kxc4 42. e5 b5 43. Kh4 Bb2 44. e6 Bf6+ 45. g5 Be7 46.
Kh5 Kb4 47. g6 Bf6 48. Kh6 c4 49. g7 Bxg7+ 50. Kxg7 c3 51. Be4 Ka3 52. e7 c2
53. Bxc2 Kb2 54. a4 b4 55. Bg6 b3 56. e8=Q Ka3 57. Qe7+ Kb2 58. Qe2+ Ka3 59.
Bf7 b2 60. Qd3+ Kb4 61. Qc4+ Ka3 62. Qb3# 1-0

[Event "ICS Rated standard match"]
[Site "204.178.125.65"]
[Date "2000.03.09"]
[Round "?"]
[White "Hossa"]
[Black "walartwww"]
[Result "1/2-1/2"]
[WhiteElo "2177"]
[BlackElo "2497"]
[PlyCount "195"]

1. e4 e5 2. Nf3 Nc6 3. Bb5 a6 4. Ba4 Nf6 5. O-O Be7 6. Re1 b5 7. Bb3 O-O 8. c3
d6 9. h3 Be6 10. d4 Bxb3 11. Qxb3 d5 12. exd5 Na5 13. Qd1 exd4 14. Nxd4 Re8 15.
Nc6 Nxc6 16. dxc6 Qxd1 17. Rxd1 Rad8 18. Rxd8 Rxd8 19. Nd2 Rd6 20. Nb3 Rxc6 21.
Bg5 Kf8 22. Re1 Rd6 23. g3 h6 24. Bxf6 Rxf6 25. Kg2 c5 26. Re5 c4 27. Nd4 g6
28. Rd5 Rd6 29. Rxd6 Bxd6 30. Kf3 f5 31. g4 fxg4+ 32. hxg4 h5 33. gxh5 gxh5 34.
Nf5 Bc7 35. Ke4 Kf7 36. f4 Bb8 37. a3 Kf6 38. a4 bxa4 39. Ne3 h4 40. Nxc4 h3
41. Ne3 Bd6 42. Nd5+ Ke6 43. f5+ Kd7 44. Kf3 Be5 45. Nb4 Bd6 46. Nd3 h2 47. Kg2
Ke7 48. Nf2 Bf4 49. Ne4 Bc1 50. Nc5 a3 51. bxa3 Bxa3 52. Ne4 Bd6 53. f6+ Ke6
54. f7 Be7 55. Kxh2 a5 56. Ng5+ Kf5 57. Nf3 Kf6 58. Nd4 Kxf7 59. Kh3 a4 60. Nb5
Ke6 61. c4 Kd7 62. Kg4 Kc6 63. Kf5 Kc5 64. Na3 Kd4 65. Nb1 Bf8 66. Ke6 Kxc4 67.
Kd7 Kc5 68. Kc7 Bd6+ 69. Kb7 Be7 70. Na3 Kb4 71. Nb1 Bc5 72. Kc6 Bd4 73. Kd5
Bb2 74. Kd6 Kb3 75. Kc6 Kc4 76. Nd2+ Kb4 77. Nb1 Bc3 78. Kc7 Kb3 79. Kb6 Bb4
80. Kb5 Be1 81. Kc5 Ba5 82. Kc6 Kb4 83. Kd5 Bd8 84. Kd4 Bg5 85. Ke4 Bc1 86. Kd4
Bh6 87. Ke4 Bg7 88. Kd3 Bh8 89. Kc2 Be5 90. Nd2 a3 91. Kb1 Bc3 92. Ne4 Bb2 93.
Ka2 Bc1 94. Nd6 Kc5 95. Ne4+ Kc4 96. Nd2+ Kb4 97. Nb1 Bb2 98. Nxa3 1/2-1/2

[Event "ICS rated bullet match"]
[Site "204.178.125.65"]
[Date "2000.03.10"]
[Round "?"]
[White "Hossa"]
[Black "KCtan"]
[Result "1-0"]
[WhiteElo "2335"]
[BlackElo "2081"]
[PlyCount "69"]

1. d4 d5 2. c4 c6 3. Nf3 Nf6 4. Nc3 Qb6 5. c5 Qc7 6. Bg5 Bg4 7. e3 Nbd7 8. Be2
e6 9. Bf4 Qd8 10. O-O Be7 11. Qb3 Qc8 12. Bd6 h6 13. Bxe7 Kxe7 14. Rfe1 Re8 15.
e4 dxe4 16. Nd2 Bxe2 17. Rxe2 Kf8 18. Ndxe4 Nxe4 19. Nxe4 Qc7 20. Nd6 Reb8 21.
Rae1 Nf6 22. g3 b6 23. Qe3 bxc5 24. dxc5 Kg8 25. Rd2 Qa5 26. b3 Nd5 27. Qd4 Rf8
28. f4 Rab8 29. Re5 Qb4 30. f5 Qxd4+ 31. Rxd4 exf5 32. Rxf5 Rb5 33. Nxb5 cxb5
34. Rfxd5 a5 35. c6 1-0

[Event "ICS rated bullet match"]
[Site "204.178.125.65"]
[Date "2000.03.10"]
[Round "?"]
[White "KCtan"]
[Black "Hossa"]
[Result "0-1"]
[WhiteElo "2064"]
[BlackElo "2352"]
[PlyCount "60"]

1. c4 e5 2. d3 Nc6 3. a3 Nf6 4. e3 Be7 5. Nf3 d5 6. cxd5 Nxd5 7. Qc2 O-O 8. b4
Bf6 9. Bb2 a6 10. Nbd2 Bg4 11. Be2 Qd7 12. Ne4 Qf5 13. Nc5 Qc8 14. O-O Be6 15.
Rac1 Bd7 16. Nd2 a5 17. b5 Nce7 18. d4 exd4 19. Bxd4 Bxd4 20. exd4 Re8 21. Bf3
Bxb5 22. Rfe1 b6 23. Nd3 Bxd3 24. Qxd3 Qd7 25. Nc4 Nc6 26. Qb3 Nxd4 27. Rxe8+
Rxe8 28. Qd1 Nc3 29. Qf1 Nxf3+ 30. gxf3 Ne2+ 0-1

[Event "ICS rated blitz match"]
[Site "204.178.125.65"]
[Date "2000.03.10"]
[Round "?"]
[White "buri"]
[Black "Hossa"]
[Result "0-1"]
[WhiteElo "2384"]
[BlackElo "2417"]
[PlyCount "54"]

1. e4 e5 2. Nf3 d6 3. d4 Nf6 4. Nc3 Nbd7 5. Be2 exd4 6. Nxd4 Be7 7. O-O Nc5 8.
f3 c6 9. b4 Ne6 10. Be3 Nxd4 11. Bxd4 O-O 12. Kh1 Re8 13. Bd3 d5 14. e5 Nd7 15.
a3 a5 16. Rb1 axb4 17. axb4 b6 18. f4 Ra3 19. Qh5 g6 20. Qh6 Bf8 21. Qh3 Nxe5
22. f5 Bg7 23. fxg6 Bxh3 24. gxf7+ Nxf7 25. Bxh7+ Kh8 26. Bxg7+ Kxg7 27. gxh3
Rxc3 0-1